000 00684nam a2200181Ia 4500
008 151119s9999||||xx |||||||||||||| ||und||
082 _bGKKV31966
100 _aटिळेकर चंद्रसेन
245 _aप्रश्नोत्तर गणकयंत्र
260 _aपुणे
260 _bमेहता पब्लीशिग हाउस
260 _c1911
600 _aटिळेकर चंद्रसेन
630 _aप्रश्नोत्तर गणकयंत्र
700 _aटिळेकर चंद्रसेन
730 _aप्रश्नोत्तर गणकयंत्र
942 _cBOOK
999 _c1084278
_d1084275